[Event "Massy op"]
[Site "Massy"]
[Date "2010.06.??"]
[Round "?"]
[White "Rubcke, Horst"]
[Black "Barchilon, Jean Charles"]
[Result "1-0"]
[WhiteElo "1615"]
[BlackElo "1946"]
[PlyCount "71"]
[EventDate "2010.06.??"]
[EventType "swiss"]
[EventRounds "7"]
[EventCountry "FRA"]
[SourceTitle "EXT 2011"]
[Source "ChessBase"]
[SourceDate "2010.11.26"]
[SourceVersion "1"]
[SourceVersionDate "2010.11.26"]
[SourceQuality "1"]

1. e4 c6 2. d4 d5 3. e5 Bf5 4. Ne2 e6 5. Ng3 Bg6 6. Nd2 c5 7. Nf3 Nc6 8. c3 a6 9. b3 Qb6 10. Bd3 cxd4 11. Bxg6 hxg6 12. cxd4 Bb4+ 13. Bd2 Nxd4 14. 0-0 Nxf3+ 15. gxf3 Bxd2 16. Qxd2 Ne7 17. Rac1 Nc6 18. f4 0-0-0 19. Rfd1 Kb8 20. Kg2 Rh4 21. Rc3 Rdh8 22. Nf1 Qb4 23. Rf3 Qe4 24. a3 Rg4+ 25. Ng3 Rxh2+ 26. Kxh2 Qxf3 27. Kg1 Qxf4 28. Qc2 Nd4 29. Qc5 Qxe5 30. Rd3 Nc6 31. Re3 Qc7 32. Qf8+ Nd8 33. Qxg7 d4 34. Rd3 Qc1+ 35. Kg2 Qc6+ 36. Kh3 1-0

[Event "Massy 21th op"]
[Site "Massy "]
[Date "2009.??.??"]
[Round "?"]
[White "Rubcke, Horst"]
[Black "Jean, Robert"]
[Result "0-1"]
[WhiteElo "1591"]
[BlackElo "1842"]
[PlyCount "64"]
[EventDate "2009.06.27"]
[EventType "swiss"]
[EventRounds "7"]
[EventCountry "FRA"]
[SourceTitle "EXT 2010"]
[Source "ChessBase"]
[SourceDate "2010.11.25"]
[SourceVersion "1"]
[SourceVersionDate "2010.11.25"]
[SourceQuality "1"]

1. e4 c5 2. Nf3 d6 3. c3 Nf6 4. Qc2 Nc6 5. Be2 e6 6. d4 cxd4 7. cxd4 Bd7 8. a3 Rc8 9. Nc3 Be7 10. 0-0 0-0 11. Bd3 e5 12. d5 Nd4 13. Qd1 Bg4 14. Be2 Nxe2+ 15. Qxe2 a6 16. Qe3 h6 17. Bd2 Bd7 18. h3 Nh7 19. Rac1 f5 20. exf5 Bxf5 21. Rfd1 Nf6 22. g4 Bd7 23. g5 hxg5 24. Nxg5 Nh5 25. Kh2 Nf4 26. Nce4 Bxg5 27. Nxg5 Qxg5 28. Rg1 Qh4 29. Rxc8 Rxc8 30. Qg3 Qxh3+ 31. Qxh3 Nxh3 32. Bh6 Nxg1 0-1